| 000 | 01006nam a2200241Ia 4500 | ||
|---|---|---|---|
| 008 | 0000002006 usad 0000000000eng00 | ||
| 020 | _a897972953 | ||
| 090 | _aPUS00 B78b | ||
| 245 | 1 | 0 |
_aBruce Robbins _b: walls _c/ editor Janis Gardner Cecil |
| 300 |
_a12 p. _c/ 30 cm. |
||
| 500 | _aExposición realizada en Marlborough Chelsea, New York, febrero 8 marzo 11, 2006 \ Incluye cronología del artista \ Proyecto Ganador Programa Apoyos Concertados FGAA 2010 | ||
| 501 | _aSomething there is that loves a wall / Lilly Wei | ||
| 505 | _aOBRAS : Hybrid (blue kiss) Wall (Graystack) Factory Wall Adobe Sanchary | ||
| 600 | 0 | 0 |
_aROBBINS, BRUCE, 1948/ _xTRABAJOS PICTORICOS |
| 650 | 1 | 4 | _aARTE CONTEMPORANEO ESTADOUNIDENSE |
| 650 | 1 | 4 | _aARTISTAS PLASTICOS ESTADOUNIDENSES |
| 650 | 1 | 4 | _xCATALOGOS |
| 650 | 1 | 4 | _xEXPOSICIONES |
| 650 | 1 | 4 | _aPINTORES ESTADOUNIDENSES |
| 650 | 1 | 4 | _aPINTURA ESTADOUNIDENSE |
| 700 | 1 | _aWei, Lilly | |
| 999 |
_c11894 _d11894 |
||
| 260 |
_aNew York : Marlborough Chelsea _c2006 |
||